[Event "Jackson (Prison m)"]
[Site "?"]
[Date "1996.??.??"]
[Round "?"]
[White "Mohammed, HA."]
[Black "Smalec, John"]
[Result "1/2-1/2"]
[WhiteElo "1605"]
[BlackElo "1700"]
[PlyCount "77"]
[EventDate "1996.??.??"]

{10/5} 1. e4 e6 2. d4 d5 3. Nc3 Bb4 4. Bd3 dxe4 5. Bxe4 Nf6 6. Bg5 h6 7. Bxf6
Qxf6 8. Nge2 O-O 9. a3 Ba5 10. O-O e5 11. Nd5 Qh4 12. Ng3 Nc6 13. c3 exd4 14.
b4 Bb6 15. c4 a5 16. c5 Ba7 17. Nxc7 Rb8 18. b5 Bxc5 19. bxc6 bxc6 20. Bxc6 Rb6
21. Ba4 Rd8 22. Qh5 Qxh5 23. Nxh5 Bg4 24. Nf4 d3 25. Ncd5 Rbd6 26. Ne3 Bc8 27.
Bb5 d2 28. Nd1 Rd4 29. Ne2 Re4 30. Ndc3 Re5 31. h3 g5 32. Rfd1 g4 33. Ra2 g3
34. Nxg3 Re1+ 35. Kh2 Rxd1 36. Nxd1 Be6 37. Rb2 Bxa3 38. Rb1 Bb4 39. Ba4 {#}
1/2-1/2

[Event "Detroit (Class DE/2/10)"]
[Site "?"]
[Date "1996.??.??"]
[Round "?"]
[White "Mitchell, Dave"]
[Black "Ware, C."]
[Result "1-0"]
[WhiteElo "1605"]
[BlackElo "1605"]
[PlyCount "86"]
[EventDate "1996.??.??"]

{2/(10)} 1. e4 c6 2. d4 d5 3. exd5 cxd5 4. Bd3 Nc6 5. c3 g6 6. Nf3 Bg7 7. Bg5
Nf6 8. O-O O-O 9. Re1 Bg4 10. Nbd2 Re8 11. h3 Bxf3 12. Nxf3 a6 13. Qb3 Na5 14.
Qc2 Rc8 15. Re2 Nc6 16. Rae1 Qc7 17. Ne5 Nxd4 18. Qd2 Nxe2+ 19. Rxe2 Qd6 20.
Qe3 d4 21. cxd4 Nd5 22. Nxf7 Nxe3 23. Nxd6 Rc1+ 24. Kh2 Nf1+ 25. Kh1 Ng3+ 26.
Kh2 Nxe2 27. Nxe8 Re1 28. Nxg7 Kxg7 29. Be3 Nc1 30. Bc4 Rd1 31. a4 Nd3 32. d5
Nxb2 33. Bb3 Rd3 34. Ba2 Nxa4 35. Kg3 Nc3 36. Bc4 Ne2+ 37. Kf3 Ng1+ 38. Ke4 Rc3
39. Bd4+ Kf8 40. Bxc3 b5 41. Bd3 Ke8 42. Ke5 Kd7 43. f4 Nf3+ 1-0

[Event "Detroit (Class DE/4/10)"]
[Site "?"]
[Date "1996.??.??"]
[Round "?"]
[White "Mitchell, Dave"]
[Black "Felton, H."]
[Result "1-0"]
[WhiteElo "1605"]
[BlackElo "1605"]
[PlyCount "87"]
[EventDate "1996.??.??"]

{4/(10)} 1. e4 e6 2. d4 d5 3. e5 c5 4. c3 Nc6 5. Nf3 cxd4 6. cxd4 Be7 7. Nc3 f6
8. Bb5 Bd7 9. O-O Qc7 10. Bf4 fxe5 11. Bxe5 Nxe5 12. Bxd7+ Qxd7 13. Nxe5 Qd8
14. Qh5+ g6 15. Nxg6 Nf6 16. Qh3 Kd7 17. Ne5+ Kc7 18. Nf7 Qd7 19. Nxh8 Rxh8 20.
Rac1 Kb8 21. Rfe1 Ne4 22. Nxe4 dxe4 23. Rxe4 Rc8 24. Rxc8+ Qxc8 25. Qc3 Qd7 26.
Qg3+ Bd6 27. Qg8+ Kc7 28. Qxe6 Qc6 29. g3 Qc1+ 30. Kg2 Qxb2 31. Qf7+ Kc6 32.
Qc4+ Kd7 33. Qa4+ Kc7 34. Qxa7 Qb6 35. Qxb6+ Kxb6 36. Rh4 Kc6 37. Rxh7 b5 38.
f4 Kd5 39. Rd7 b4 40. Rxd6+ Kxd6 41. Kf2 Kd5 42. Ke2 Kxd4 43. Kd2 Kc4 44. Kc2
1-0

[Event "Ann Arbor (Fall Open/1/2)"]
[Site "?"]
[Date "1996.??.??"]
[Round "?"]
[White "Miller, R."]
[Black "Seawald, Dennis"]
[Result "0-1"]
[WhiteElo "1870"]
[BlackElo "2315"]
[PlyCount "44"]
[EventDate "1996.??.??"]

{1/(2)} 1. d4 Nf6 2. c4 Nc6 3. Nc3 e5 4. d5 Ne7 5. e4 Ng6 6. f3 Bc5 7. Nge2 a5
8. Qd3 d6 9. Be3 Nd7 10. Ng3 Nf4 11. Qd2 Bxe3 12. Qxe3 Nc5 13. Rd1 O-O 14. Nge2
f5 15. g3 Nxe2 16. Bxe2 f4 17. Qf2 a4 18. g4 c6 19. O-O b5 20. h3 Qe7 21. Kh2
g5 22. Qg2 Rf6 {[Remainder illegible; 0-1, 45?]} 0-1

[Event "Kalamazoo (MI Am/1/19)"]
[Site "?"]
[Date "1996.??.??"]
[Round "?"]
[White "Miller, Doug"]
[Black "Welch, Joseph"]
[Result "0-1"]
[WhiteElo "1605"]
[BlackElo "1670"]
[PlyCount "115"]
[EventDate "1996.??.??"]

{1/(19)} 1. e4 c5 2. Nf3 Nc6 3. Bc4 e6 4. c3 d5 5. exd5 exd5 6. Qe2+ Be6 7. Bb5
Nf6 8. Ne5 Rc8 9. d3 Be7 10. Bf4 O-O 11. Nxc6 bxc6 12. Ba6 Bg4 13. f3 Nh5 14.
Be5 Re8 15. O-O Bd6 16. d4 cxd4 17. cxd4 Bxe5 18. dxe5 Qb6+ 19. Rf2 f6 20. fxg4
Rxe5 21. Qxe5 fxe5 22. Bxc8 Nf4 23. Nc3 Nd3 24. Raf1 e4 25. Nd1 Nxf2 26. Rxf2
g6 27. g5 c5 28. Rf1 Qd8 29. Be6+ Kg7 30. Rf7+ Kh8 31. h4 d4 32. Kf2 h5 33.
Rxa7 Qd6 34. Ra8+ Kg7 35. Ra7+ Kf8 36. Rf7+ Ke8 37. Rf6 e3+ 38. Ke2 Qa6+ 39.
Kf3 Qf1+ 40. Kg3 Qxd1 41. Bf7+ Ke7 42. Bxg6 Qg4+ 43. Kh2 Qxh4+ 44. Kg1 Qe1+ 45.
Kh2 Qh4+ 46. Kg1 Qxg5 47. Rf7+ Kd6 48. Bd3 Qh4 49. Rf1 Qg5 50. Rf3 h4 51. a4
Qd5 52. Rf6+ Ke7 53. Rb6 c4 54. Bf1 d3 55. Rb4 Qe4 56. a5 e2 57. Bxe2 dxe2 58.
Kf2 0-1

[Event "Howell (US Am N/1/33)"]
[Site "?"]
[Date "1996.??.??"]
[Round "?"]
[White "Miller, Doug"]
[Black "Velasquez, A."]
[Result "0-1"]
[WhiteElo "1605"]
[BlackElo "1740"]
[PlyCount "100"]
[EventDate "1996.??.??"]

{1/(33)} 1. e4 c5 2. Nf3 Nc6 3. Bc4 d6 4. c3 Nf6 5. d3 e6 6. Bg5 Be7 7. Nbd2
Bd7 8. a3 a6 9. b4 b6 10. b5 Na5 11. a4 Nxc4 12. Nxc4 axb5 13. axb5 Rxa1 14.
Qxa1 Bxb5 15. e5 Bxc4 16. dxc4 dxe5 17. Qa4+ Nd7 18. Bxe7 Kxe7 19. O-O Qa8 20.
Qc2 f6 21. h3 Qa6 22. Nd2 g6 23. h4 f5 24. f3 Nf6 25. Rd1 Ra8 26. Qd3 Rd8 27.
Qe2 Qa2 28. g4 fxg4 29. fxg4 Qb2 30. Qxe5 Rxd2 31. Re1 Rd6 32. g5 Ng4 33. Qg3
Qd2 34. Ra1 Qe3+ 35. Kg2 Qxg3+ 36. Kxg3 Ne3 37. Ra4 Nf5+ 38. Kg4 e5 39. Ra7+
Rd7 40. Ra4 Kd6 41. h5 Re7 42. Ra2 Ne3+ 43. Kg3 Nxc4 44. Rf2 gxh5 45. Rf6+ Kd5
46. Rh6 Ke4 47. Rxh5 Kd3 48. Rh6 Kxc3 49. Kf3 e4+ 50. Ke2 e3 0-1

[Event "Kalamazoo (MI Am/5/22)"]
[Site "?"]
[Date "1996.??.??"]
[Round "?"]
[White "Miller, Doug"]
[Black "Post, Robert"]
[Result "0-1"]
[WhiteElo "1605"]
[BlackElo "1680"]
[PlyCount "54"]
[EventDate "1996.??.??"]

{5/(22)} 1. e4 g6 2. Nf3 d6 3. Bc4 Bg7 4. c3 Nf6 5. d3 O-O 6. Be3 Nc6 7. a3 Bg4
8. Nbd2 Ne5 9. Ba2 Nxd3+ 10. Kf1 Ne5 11. Qc2 Nxf3 12. Nxf3 Qd7 13. Rd1 Bxf3 14.
gxf3 Qh3+ 15. Ke2 Nd7 16. Rdg1 Ne5 17. Rg3 Qh5 18. h4 Kh8 19. Rhh3 h6 20. Qc1
f5 21. exf5 Rxf5 22. Be6 Rxf3 23. Bg4 Nxg4 24. Rxf3 Ne5 25. Bf4 Nxf3 26. Rxf3
e5 27. Kf1 Qxf3 0-1

[Event "Howell (US Am N/3/46)"]
[Site "?"]
[Date "1996.??.??"]
[Round "?"]
[White "Miller, Doug"]
[Black "Peiter, H."]
[Result "1-0"]
[WhiteElo "1605"]
[BlackElo "1770"]
[PlyCount "47"]
[EventDate "1996.??.??"]

{3/(46)} 1. e4 c5 2. Nf3 Nc6 3. Bc4 e6 4. c3 Nge7 5. d4 d5 6. exd5 exd5 7. Bb5
cxd4 8. Nxd4 g6 9. Bg5 Qc7 10. Bf6 Rg8 11. O-O Be6 12. Re1 O-O-O 13. Nxc6 bxc6
14. Ba6+ Kb8 15. Be5 Rd6 16. Bxd6 Qxd6 17. Qb3+ Kc7 18. Qb7+ Kd8 19. Qxa7 g5
20. Nd2 Rg6 21. Nf3 Rh6 22. Qa8+ Nc8 23. Ne5 Bg7 24. Nxf7+ 1-0

[Event "Kalamazoo (MI Am/3/22)"]
[Site "?"]
[Date "1996.??.??"]
[Round "?"]
[White "Miller, Doug"]
[Black "Nixon, Peter"]
[Result "0-1"]
[WhiteElo "1605"]
[BlackElo "1605"]
[PlyCount "74"]
[EventDate "1996.??.??"]

{3/(22)} 1. e4 c5 2. Nf3 Nc6 3. Bc4 e6 4. c3 Nf6 5. d3 d5 6. exd5 exd5 7. Bb5
Bd7 8. O-O Be7 9. Ne5 Nxe5 10. Bxd7+ Qxd7 11. Re1 Nc6 12. Bg5 O-O 13. Nd2 Rfe8
14. Nf3 Rad8 15. d4 cxd4 16. cxd4 Ne4 17. h4 Bxg5 18. hxg5 Rc8 19. Rc1 Qg4 20.
Qb3 Nxg5 21. Nxg5 Rxe1+ 22. Rxe1 Qxg5 23. Qxb7 Qd8 24. Rc1 Rc7 25. Qa6 Nxd4 26.
Rd1 Ne6 27. Qb5 d4 28. g3 g6 29. a4 Qd7 30. Qxd7 Rxd7 31. b4 a6 32. b5 axb5 33.
axb5 Rb7 34. Rb1 Kf8 35. Kf1 Ke7 36. Ke2 Kd6 37. Kd3 Kc5 0-1

[Event "Howell (US Am N/5/47)"]
[Site "?"]
[Date "1996.??.??"]
[Round "?"]
[White "Miller, Doug"]
[Black "Avery, Robert W"]
[Result "1-0"]
[WhiteElo "1605"]
[BlackElo "1605"]
[PlyCount "43"]
[EventDate "1996.??.??"]

{5/(47)} 1. e4 e5 2. Nf3 Nc6 3. Bc4 Nf6 4. d3 Bb4+ 5. c3 Bc5 6. Bg5 h6 7. Bh4
O-O 8. O-O d6 9. a4 Bg4 10. b4 Bxb4 11. cxb4 Nxb4 12. Nc3 Re8 13. Nd5 Nbxd5 14.
Bxd5 Nxd5 15. Bxd8 Raxd8 16. exd5 e4 17. dxe4 Rxe4 18. h3 Bh5 19. Qc2 Rde8 20.
Ra3 Bg6 21. Qxc7 Re2 22. Re3 1-0

[Event "Kalamazoo (MI Am/1/7)"]
[Site "?"]
[Date "1996.??.??"]
[Round "?"]
[White "Mihelich, John"]
[Black "Williams, Ron"]
[Result "0-1"]
[WhiteElo "1605"]
[BlackElo "1900"]
[PlyCount "64"]
[EventDate "1996.??.??"]

{1/(7)} 1. e4 c5 2. Bc4 Nc6 3. c3 Nf6 4. d3 e6 5. Bg5 Be7 6. Nf3 Qc7 7. Qd2 d6
8. Na3 a6 9. Bb3 b5 10. O-O Bb7 11. Rae1 O-O 12. h3 Rfd8 13. Bc2 Ne5 14. Qe2
Rac8 15. d4 Nxf3+ 16. gxf3 cxd4 17. cxd4 b4 18. Nb1 Qxc2 19. Qxc2 Rxc2 20. e5
dxe5 21. dxe5 Nd5 22. f4 Kf8 23. Re4 Rxb2 24. Rc4 Bxg5 25. fxg5 Ne3 26. fxe3
Rg2+ 27. Kh1 Rc2+ 28. e4 Rxc4 29. h4 Rc2 30. h5 Rb2 31. g6 hxg6 32. hxg6 Rxb1
0-1

[Event "Detroit (Class C/5/13)"]
[Site "?"]
[Date "1996.??.??"]
[Round "?"]
[White "Mihelich, John"]
[Black "Vaughn, Gerald"]
[Result "1-0"]
[WhiteElo "1605"]
[BlackElo "1605"]
[PlyCount "55"]
[EventDate "1996.??.??"]

{5/(13)} 1. e4 c5 2. Bc4 Nf6 3. Nc3 e6 4. Nf3 Nc6 5. O-O a6 6. d4 cxd4 7. Nxd4
Ne5 8. Be2 Bb4 9. Bg5 O-O 10. f4 Nc6 11. Nxc6 bxc6 12. e5 Qb6+ 13. Kh1 Nd5 14.
Nxd5 cxd5 15. a3 Bc5 16. b3 h6 17. Bh4 Bb7 18. Rf3 d4 19. Rg3 Be4 20. Bd3 Qc6
21. Bf6 g6 22. Qd2 Bxd3 23. cxd3 Kh7 24. Rh3 Rg8 25. f5 Bf8 26. Bg5 h5 27. Qe2
Kh8 28. Rxh5+ 1-0

[Event "Kalamazoo (MI Am/3/25)"]
[Site "?"]
[Date "1996.??.??"]
[Round "?"]
[White "Mihelich, John"]
[Black "Tuzeneu, Jim"]
[Result "1/2-1/2"]
[WhiteElo "1605"]
[BlackElo "1605"]
[PlyCount "83"]
[EventDate "1996.??.??"]

{3/(25)} 1. e4 c6 2. f4 Nf6 3. d3 g6 4. Nf3 Bg7 5. Be2 O-O 6. O-O d5 7. e5 Ng4
8. d4 b6 9. h3 Nh6 10. Nh2 Nf5 11. Bg4 Na6 12. c3 Ng3 13. Re1 Nc7 14. Nd2 h5
15. Bf3 Nb5 16. Nhf1 Nf5 17. Be2 Ba6 18. Nf3 f6 19. a4 Nc7 20. Ne3 Bc8 21. Nxf5
Bxf5 22. Nh4 Be4 23. Bd3 e6 24. Bxe4 dxe4 25. Nxg6 Re8 26. Qxh5 Kf7 27. Rxe4
Nd5 28. b3 b5 29. axb5 Nxc3 30. Ba3 Nxe4 31. Nf8+ Kg8 32. Qh7+ Kf7 33. Qxe4 Qd5
34. Qg6+ Kg8 35. exf6 Qxd4+ 36. Kh1 Qxa1+ 37. Kh2 Qxf6 38. Qh7+ Kf7 39. Qh5+
Kg8 40. Qh7+ Kf7 41. Qh5+ Kg8 42. Qh7+ 1/2-1/2

[Event "Detroit (Class C/2/11)"]
[Site "?"]
[Date "1996.??.??"]
[Round "?"]
[White "Mihelich, John"]
[Black "Belill, Mike"]
[Result "0-1"]
[WhiteElo "1605"]
[BlackElo "1605"]
[PlyCount "110"]
[EventDate "1996.??.??"]

{2/(11)} 1. e4 e5 2. Nf3 Nc6 3. Bc4 Bc5 4. c3 Nf6 5. b4 Bb6 6. d3 d6 7. O-O O-O
8. Be3 Ne7 9. h3 c6 10. Bg5 d5 11. Bxf6 dxc4 12. Bxe7 Qxe7 13. dxc4 Rd8 14. Qc2
f6 15. Nbd2 Be6 16. c5 Bc7 17. Nh2 Rd7 18. Ndf3 Rad8 19. Rae1 Bc4 20. Nh4 Bxf1
21. Rxf1 Rd2 22. Qb3+ Qf7 23. Qxf7+ Kxf7 24. a4 Rc2 25. Nf5 Rxc3 26. h4 Rb3 27.
h5 Rxb4 28. Re1 Rxa4 29. Nf3 Rc4 30. g4 Rxc5 31. g5 Rd3 32. Kg2 a5 33. Rh1 Rxf3
34. Kxf3 fxg5 35. Kg4 h6 36. Rh3 Rc4 37. Re3 b5 38. Ng3 a4 39. Rd3 Rd4 40. Rf3+
Ke8 41. Kf5 Rd6 42. Rc3 Rf6+ 43. Kg4 Bb6 44. Nf5 c5 45. Nxg7+ Kd7 46. Nf5 c4
47. Rc2 Bd4 48. Kf3 c3 49. Ke2 b4 50. Nxd4 exd4 51. Kd3 b3 52. Re2 b2 53. Kc2
Rb6 54. Kb1 a3 55. Re1 d3 0-1

[Event "Detroit (Class C/1/5)"]
[Site "?"]
[Date "1996.??.??"]
[Round "?"]
[White "Mihelich, John"]
[Black "Asbury, Victor"]
[Result "0-1"]
[WhiteElo "1605"]
[BlackElo "1605"]
[PlyCount "118"]
[EventDate "1996.??.??"]

{1/(5)} 1. e4 c5 2. Bc4 Nf6 3. Nc3 g6 4. d3 Bg7 5. f4 O-O 6. Bd2 Nc6 7. Nf3 a6
8. e5 Ne8 9. O-O b5 10. Bd5 Bb7 11. Be4 Nc7 12. Ne2 d5 13. exd6 Qxd6 14. Qe1
Bxb2 15. Rb1 Bg7 16. Qh4 f5 17. Bxc6 Qxc6 18. Bc3 Bxc3 19. Nxc3 Qf6 20. Qxf6
Rxf6 21. Ne5 Rd8 22. Rbe1 Kf8 23. Re3 Nd5 24. Nxd5 Bxd5 25. Rfe1 e6 26. c4 bxc4
27. dxc4 Be4 28. Rh3 Kg7 29. Ra3 Rd6 30. Ra5 Rd2 31. Rxa6 Rxg2+ 32. Kf1 Rxh2
33. Ra7+ Kg8 34. a4 Rh1+ 35. Kf2 Rxe1 36. Kxe1 Rf8 37. Nd7 Rf7 38. Rc7 h5 39.
Rc8+ Kg7 40. Nxc5 h4 41. Nxe6+ Kf6 42. Ng5 Re7 43. Kf2 Ra7 44. Nxe4+ fxe4 45.
Ke3 Rxa4 46. Kxe4 h3 47. Rh8 Rxc4+ 48. Kf3 Kf5 49. Rxh3 Rc3+ 50. Kg2 Rxh3 51.
Kxh3 Kxf4 52. Kg2 Kg4 53. Kh2 Kf3 54. Kg1 Kg3 55. Kh1 g5 56. Kg1 g4 57. Kh1 Kf2
58. Kh2 g3+ 59. Kh1 g2+ 0-1

[Event "Howell (US Am N/4/50)"]
[Site "?"]
[Date "1996.??.??"]
[Round "?"]
[White "Michaels, M."]
[Black "Yahkind, Andrew"]
[Result "0-1"]
[WhiteElo "1605"]
[BlackElo "1605"]
[PlyCount "32"]
[EventDate "1996.??.??"]

{4/(50)} 1. e4 e5 2. Nf3 Nc6 3. b3 Nf6 4. Bb2 d5 5. exd5 Qxd5 6. d4 e4 7. Nc3
Qd8 8. d5 exf3 9. dxc6 Qe7+ 10. Kd2 fxg2 11. Ba3 gxh1=Q 12. Bxe7 Bxe7 13. Bb5
Qxd1+ 14. Kxd1 b6 15. Bc4 Bg4+ 16. Ke1 O-O-O {[Remainder illegible; 0-1, 21?]}
0-1

[Event "Howell (US Am N/2/52)"]
[Site "?"]
[Date "1996.??.??"]
[Round "?"]
[White "Michaels, M."]
[Black "Rosebrook, G."]
[Result "1/2-1/2"]
[WhiteElo "1605"]
[BlackElo "1605"]
[PlyCount "100"]
[EventDate "1996.??.??"]

{2/(52)} 1. e4 c5 2. Nf3 e6 3. Nc3 g6 4. d3 Bg7 5. Be3 Bxc3+ 6. bxc3 d6 7. d4
Nf6 8. Bd3 Qc7 9. e5 Nd5 10. Qd2 Nc6 11. Bb5 Bd7 12. Bg5 a6 13. Bxc6 Bxc6 14.
c4 Nb6 15. Qf4 Nxc4 16. Qf6 Rf8 17. exd6 Qxd6 18. Ne5 Nxe5 19. dxe5 Qc7 20. Rd1
Bd5 21. O-O Rd8 22. c4 Qd7 23. cxd5 Qc7 24. d6 Qd7 25. Rd2 Rc8 26. Rb1 b5 27.
a4 b4 28. Qe7+ Qxe7 29. Bxe7 Rg8 30. d7+ Kxe7 31. dxc8=Q Rxc8 32. Rd3 a5 33.
Rh3 c4 34. Rc1 Rc5 35. Kf1 c3 36. Ke1 Rxe5+ 37. Re3 Rd5 38. Rh3 Re5+ 39. Kd1
Rd5+ 40. Ke1 Re5+ 41. Kf1 h5 42. f4 Rd5 43. Rg3 Rd2 44. Ke1 Ra2 45. Rg5 Rxa4
46. Ke2 Ra2+ 47. Kd3 Rf2 48. Rxa5 Rxf4 49. Ra7+ Kf6 50. Rb1 Rf2 1/2-1/2

[Event "Howell (US Am N/6/46)"]
[Site "?"]
[Date "1996.??.??"]
[Round "?"]
[White "Michaels, M."]
[Black "Elker, M."]
[Result "0-1"]
[WhiteElo "1605"]
[BlackElo "1605"]
[PlyCount "76"]
[EventDate "1996.??.??"]

{6/(46)} 1. e4 e5 2. Nf3 Nf6 3. Nxe5 Qe7 4. d4 c5 5. Nc3 d6 6. Nf3 Bg4 7. e5
Nc6 8. Be2 dxe5 9. dxe5 Nxe5 10. Nxe5 Rd8 11. Bd2 Qxe5 12. O-O Bxe2 13. Nxe2
Ng4 14. g3 Be7 15. Re1 Qf5 16. Rf1 O-O 17. Qe1 Qxc2 18. Rd1 h5 19. Nf4 Bg5 20.
Ba5 b6 21. Bc3 h4 22. Rxd8 Rxd8 23. b4 Kf8 24. a4 Re8 25. Qa1 f6 26. h3 Bxf4
27. gxf4 Nh6 28. Bxf6 Nf5 29. Rc1 Qb3 30. Kg2 Qd5+ 31. Kh2 Qf3 32. Kg1 Qxh3 33.
Qb1 gxf6 34. bxc5 Qg4+ 35. Kh2 h3 36. Rg1 Qxf4+ 37. Rg3 Qxf2+ 38. Rg2 Qxg2# 0-1

[Event "Ann Arbor (Ann Arbor Open, U2000/3)"]
[Site "?"]
[Date "1996.??.??"]
[Round "?"]
[White "Meza, L."]
[Black "Sobh, Hassan"]
[Result "1-0"]
[WhiteElo "1810"]
[BlackElo "1750"]
[PlyCount "125"]
[EventDate "1996.??.??"]

{2000/(3)} 1. e4 e5 2. f4 Bc5 3. Nf3 d6 4. Nc3 Bg4 5. Na4 Nd7 6. Nxc5 Nxc5 7.
Bc4 Nxe4 8. fxe5 d5 9. Bb3 c6 10. d3 Nc5 11. O-O Nxb3 12. axb3 Qb6+ 13. Kh1 f6
14. exf6 gxf6 15. Qe2+ Ne7 16. Re1 Qc7 17. Ra4 h5 18. Bd2 Rh7 19. Bc3 Qd6 20.
Qd2 c5 21. d4 b6 22. dxc5 bxc5 23. Qd3 Rf7 24. Ra6 c4 25. Rxd6 cxd3 26. cxd3
Bxf3 27. gxf3 Rd8 28. Ra6 d4 29. Bb4 Rd7 30. Bc5 Kd8 31. Bxa7 Kc7 32. Rc1+ Kb7
33. Ra5 h4 34. Rb5+ Ka6 35. Rb4 Nc6 36. Ra1+ Na5 37. Bb6 Rd5 38. Bxd4 Rb7 39.
Rxb7 Kxb7 40. Bxf6 h3 41. d4 Nxb3 42. Ra4 Nd2 43. f4 Rb5 44. b4 Nf3 45. Be5 Kc6
46. Ra6+ Kb7 47. Rh6 Rxb4 48. Rxh3 Nxe5 49. fxe5 Rxd4 50. Re3 Kc7 51. Kg2 Kd7
52. Kf3 Ke6 53. Re4 Rd5 54. Kf4 Rd8 55. h4 Kf7 56. Kf5 Rh8 57. e6+ Kf8 58. Kg6
Rg8+ 59. Kf6 Rg2 60. Re5 Rf2+ 61. Kg6 Rh2 62. e7+ Ke8 63. h5 1-0

[Event "Ann Arbor (Month Long Swiss/3/1)"]
[Site "?"]
[Date "1996.??.??"]
[Round "?"]
[White "Meza, L."]
[Black "Meza, Alex"]
[Result "0-1"]
[WhiteElo "1810"]
[BlackElo "1605"]
[PlyCount "51"]
[EventDate "1996.??.??"]

{3/(1)} 1. e4 c5 2. Nf3 Nc6 3. d4 cxd4 4. Nxd4 Nf6 5. Nc3 d6 6. f3 e6 7. a3 Be7
8. Be3 O-O 9. Qd2 d5 10. O-O-O Bc5 11. Nxc6 Bxe3 12. Qxe3 bxc6 13. e5 Nd7 14.
f4 Qa5 15. Bd3 Ba6 16. Qh3 Bxd3 17. Qxd3 Rab8 18. Ne2 Nb6 19. b4 Qa4 20. Kb2
Nc4+ 21. Ka2 Rxb4 22. Rb1 c5 23. Rb3 Rfb8 24. Nc3 Qa6 25. Rhb1 Nd2 26. Qxa6 {
[0-1, time? There certainly seems no other excuse for Black to win!]} 0-1

[Event "Ann Arbor (Ann Arbor Open, Extra)"]
[Site "?"]
[Date "1996.??.??"]
[Round "?"]
[White "Meza, Alex"]
[Black "Sobh, Raed"]
[Result "1-0"]
[WhiteElo "1605"]
[BlackElo "1605"]
[PlyCount "53"]
[EventDate "1996.??.??"]

{3/9} 1. e4 d5 2. exd5 Qxd5 3. Nc3 Qa5 4. d4 c6 5. Bd2 Qd8 6. Nf3 Bg4 7. Be3 e6
8. a3 Nf6 9. Bg5 Bxf3 10. Qxf3 Be7 11. Bc4 Nbd7 12. O-O O-O 13. Rad1 Qb6 14.
Bb3 c5 15. dxc5 Nxc5 16. Na4 Qc6 17. Qxc6 bxc6 18. Be3 Rab8 19. Nxc5 Bxc5 20.
Bxc5 Rbd8 21. Bxa7 Rd7 22. Be3 Rfd8 23. c3 Rb8 24. Rxd7 Nxd7 25. Rd1 Ne5 26.
Bf4 Rxb3 27. Rd8# 1-0

[Event "Ann Arbor (Ann Arbor Open, U1700/4)"]
[Site "?"]
[Date "1996.??.??"]
[Round "?"]
[White "Meza, Alex"]
[Black "Sellers, Matt"]
[Result "0-1"]
[WhiteElo "1605"]
[BlackElo "1605"]
[PlyCount "36"]
[EventDate "1996.??.??"]

{1700/(4)} 1. e4 c6 2. d4 d5 3. f3 dxe4 4. fxe4 e5 5. Be3 Qh4+ 6. Bf2 Qxe4+ 7.
Ne2 Bf5 8. c3 exd4 9. Nd2 Qc2 10. Qxc2 Bxc2 11. Nxd4 Bg6 12. O-O-O Nd7 13. Re1+
Be7 14. Bc4 O-O-O 15. Bg3 Bg5 16. Nxc6 Bxd2+ 17. Kxd2 Ne5+ 18. Kc1 Nxc6 0-1

[Event "Ann Arbor (Month Long Swiss/2/2)"]
[Site "?"]
[Date "1996.??.??"]
[Round "?"]
[White "Meza, Alex"]
[Black "Moore, Dean"]
[Result "1-0"]
[WhiteElo "1605"]
[BlackElo "1605"]
[PlyCount "71"]
[EventDate "1996.??.??"]

{2/(2)} 1. e4 e5 2. Nf3 d6 3. h3 Be6 4. d4 exd4 5. Nxd4 Qd7 6. Nc3 c6 7. Be2
Be7 8. O-O Nf6 9. f4 Qc8 10. f5 Bd7 11. Qe1 O-O 12. Qg3 Qd8 13. Bh6 Ne8 14. Bc4
Bf6 15. Nf3 b5 16. Bb3 Na6 17. Bf4 Bc8 18. Ng5 Qe7 19. Rfe1 d5 20. e5 Bxg5 21.
Bxg5 Qc5+ 22. Be3 Qe7 23. f6 Qc7 24. Bh6 g6 25. Bxf8 Kxf8 26. Qh4 Kg8 27. Kh1
Nc5 28. Rad1 Be6 29. Qh6 b4 30. Rd4 Ne4 31. Nxe4 Qxe5 32. Rxb4 dxe4 33. Rbxe4
Qxf6 34. Bxe6 fxe6 35. Rxe6 Qf7 36. Re7 {[1-0, time]} 1-0

[Event "Ann Arbor (Ann Arbor Open, U1700/3)"]
[Site "?"]
[Date "1996.??.??"]
[Round "?"]
[White "Meza, Alex"]
[Black "Davey, Scott"]
[Result "0-1"]
[WhiteElo "1605"]
[BlackElo "1605"]
[PlyCount "86"]
[EventDate "1996.??.??"]

{1700/(3)} 1. e4 e5 2. Nf3 Nc6 3. Bb5 a6 4. Ba4 Nf6 5. d3 b5 6. Bb3 Be7 7. O-O
d6 8. Nc3 Na5 9. Nd5 Nxd5 10. Bxd5 c6 11. Bb3 Nxb3 12. axb3 O-O 13. Be3 Re8 14.
d4 exd4 15. Nxd4 Qc7 16. Qf3 Bb7 17. Nf5 Bf8 18. Qg4 c5 19. f3 Rad8 20. h4 Bc8
21. Bg5 Bxf5 22. exf5 Ra8 23. f6 g6 24. h5 Ra7 25. Kf2 c4 26. Be3 Rxe3 27. Kxe3
Qc5+ 28. Qd4 Bh6+ 29. f4 Qe5+ 30. Qxe5 dxe5 31. hxg6 exf4+ 32. Kf3 fxg6 33. Kg4
cxb3 34. cxb3 a5 35. Rh1 Bf8 36. Kxf4 Ra6 37. Kg5 b4 38. Rad1 a4 39. bxa4 Ra5+
40. Kg4 h5+ 41. Kh4 Rxa4 42. Kg5 b3 43. Rd5 Rg4# 0-1

[Event "Ann Arbor (Month Long Swiss/1/3)"]
[Site "?"]
[Date "1996.??.??"]
[Round "?"]
[White "Meza, Alex"]
[Black "Davey, Scott"]
[Result "1-0"]
[WhiteElo "1605"]
[BlackElo "1665"]
[PlyCount "93"]
[EventDate "1996.??.??"]

{1/(3)} 1. e4 d6 2. d4 Nf6 3. Nc3 c6 4. Nf3 Bg4 5. Be2 e6 6. O-O Nbd7 7. h3 Bh5
8. Nh2 Bg6 9. Bg5 Qa5 10. Bxf6 gxf6 11. Ng4 h5 12. Ne3 Nb6 13. Nc4 Nxc4 14.
Bxc4 Bh6 15. d5 Ke7 16. dxe6 fxe6 17. Qf3 Rhg8 18. Ne2 Qg5 19. Bxe6 Rg7 20. Ng3
Kxe6 21. Qb3+ d5 22. exd5+ Qxd5 23. Rfe1+ Kf7 24. Qxb7+ Kg8 25. Qxa8+ Kh7 26.
Rad1 Qc4 27. b3 Qxc2 28. Rd8 Bf7 29. Qc8 Rg8 30. Rxg8 Bxg8 31. Nxh5 Qg6 32. Ng3
Bd5 33. Qf5 Qxf5 34. Nxf5 Bf8 35. Ng3 Bb4 36. Re3 Kg6 37. h4 f5 38. Re5 f4 39.
Rg5+ Kh7 40. Nf5 Bc3 41. Rg4 Be5 42. g3 Be6 43. gxf4 Bxf5 44. Rg3 Bf6 45. Re3
Bxh4 46. Re5 Bd3 47. Rh5+ 1-0

[Event "Detroit (Beg/4/13)"]
[Site "?"]
[Date "1996.??.??"]
[Round "?"]
[White "Meuser, B."]
[Black "Goode, Randy"]
[Result "1-0"]
[WhiteElo "1605"]
[BlackElo "1605"]
[PlyCount "61"]
[EventDate "1996.??.??"]

{4/(13)} 1. e4 e5 2. Nf3 Nc6 3. Bc4 Bc5 4. d3 h6 5. Nc3 Nf6 6. b3 O-O 7. Bb2
Ng4 8. O-O Nd4 9. Nxd4 Bxd4 10. Qxg4 d6 11. Qf3 Be6 12. Bxe6 fxe6 13. Qg4 Rf6
14. Nd1 Rf4 15. Qxe6+ Kh7 16. Bxd4 exd4 17. Qd5 c6 18. Qxd4 Rf6 19. Ne3 c5 20.
Qc3 h5 21. e5 Rg6 22. d4 Qg5 23. g3 Qh4 24. dxc5 Qh3 25. exd6 Rf8 26. Kh1 Rg5
27. Rad1 Rxg3 28. fxg3 h4 29. Rxf8 hxg3 30. Qd3+ Kh6 31. Rh8+ 1-0

[Event "Detroit (Beg/5/6)"]
[Site "?"]
[Date "1996.??.??"]
[Round "?"]
[White "Meuser, B."]
[Black "Evans Sr., Thomas"]
[Result "0-1"]
[WhiteElo "1605"]
[BlackElo "1605"]
[PlyCount "92"]
[EventDate "1996.??.??"]

{5/(6)} 1. e4 e5 2. Nf3 Nc6 3. Bc4 Nf6 4. d3 Bc5 5. Nc3 Ng4 6. O-O O-O 7. h3
Nf6 8. Nd5 Nxd5 9. Bxd5 Nd4 10. Nxe5 Qf6 11. Ng4 Qe7 12. c3 Ne6 13. b4 Bb6 14.
a4 c6 15. Bxe6 Qxe6 16. a5 Bc7 17. d4 d5 18. e5 Qg6 19. Re1 h5 20. Ne3 Bxh3 21.
Qf3 Bg4 22. Nxg4 Qxg4 23. Qxg4 hxg4 24. Re3 Rae8 25. Rg3 f5 26. Bg5 Bd8 27.
Bxd8 Rxd8 28. e6 Rfe8 29. Re1 Rd6 30. Rge3 g6 31. Ra1 Rdxe6 32. a6 b6 33. Rxe6
Rxe6 34. Rc1 f4 35. c4 Re4 36. cxd5 cxd5 37. Rc6 Kh7 38. Rc7+ Kh6 39. Rxa7 Rxd4
40. Rh7+ Kxh7 41. a7 Rd1+ 42. Kh2 Ra1 43. f3 gxf3 44. gxf3 Rxa7 45. Kh3 d4 46.
Kg4 Rf7 0-1

[Event "Detroit (Beg/2/9)"]
[Site "?"]
[Date "1996.??.??"]
[Round "?"]
[White "Meuser, B."]
[Black "Belill, V."]
[Result "1-0"]
[WhiteElo "1605"]
[BlackElo "1605"]
[PlyCount "95"]
[EventDate "1996.??.??"]

{2/(9)} 1. e4 e5 2. Nf3 Nc6 3. Bc4 Bc5 4. d3 Nf6 5. Nc3 d6 6. O-O Bg4 7. h3
Bxf3 8. Qxf3 Nd4 9. Qd1 O-O 10. Nd5 Nxd5 11. Bxd5 c6 12. Bb3 b5 13. c3 Nxb3 14.
Qxb3 a5 15. a4 Qf6 16. axb5 cxb5 17. Qxb5 Rfb8 18. Rxa5 h6 19. Rxa8 Rxa8 20. b4
Ba7 21. Qa5 g5 22. Be3 Qe7 23. Ra1 f6 24. Bxa7 Qe6 25. b5 Qb3 26. Qb4 Qf7 27.
b6 f5 28. b7 Qf8 29. b8=Q Rxb8 30. Bxb8 fxe4 31. dxe4 d5 32. Bxe5 Qxb4 33. cxb4
dxe4 34. Re1 Kf7 35. Rxe4 Ke6 36. Bg7+ Kd5 37. Re1 Kc4 38. Rb1 h5 39. b5 Kd5
40. b6 g4 41. b7 gxh3 42. gxh3 h4 43. b8=Q Ke6 44. Qe5+ Kf7 45. Rb6 Kg8 46. Qe7
Kh7 47. Bd4+ Kg8 48. Rb8# 1-0